000 01230nam a2200289 4500
005 20240530110549.0
008 160618s2014 ua a g 000 0 ara d
017 _a2013/20889
_bمصر. دار الكتب المصرية
020 _a9789773223182
040 _aEG-CaGPL
041 1 _aara
_hund
082 0 4 _a909\
_bن ا
_221
100 0 _aنيسنسون ، صمويل
245 1 0 _aاحداث شهيرة من التاريخ /
_cتأليف صمويل نيسنسون، وليام دى ويت ؛ ترجمة اسماعيل مظهر ، جلال مظهر ؛ تحرير وتقديم احمد الهوارى
250 _aط .1.
260 _aالجيزة، مصر :
_bعين للدراسات والبحوث الانسانية والاجتماعية،
_c2014.
300 _a313 ص. :
_bايض. ؛
_c24 سم.
490 1 _aمن ذاكرة النهضة
546 _aالنص باللغة العربية.
651 0 4 _aالعالم
_xتاريخ
700 0 _aوليام دى ويت
_eمؤلف مشارك.
700 0 _aاسماعيل مظهر
_eمترجم.
700 0 _aجلال مظهر
_eمترجم.
700 0 _aاحمد الهوارى
_eمحرر.
942 _2ddc
_cBK
999 _c62424
_d62424